000 00500nam a22001697a 4500
005 20251108175708.0
008 250721s2018 xx 000 0 ara d
082 1 4 _a217.1/عصر
100 1 _aالعصري، سيف
245 1 0 _aالمقدمات الفقهية النافعة /
264 1 _aبيروت :
_bدار الرياحين،
_c2018.
300 _a248 ص0
650 1 7 _aالفقة الاسلامي
650 1 7 _aالمذاهب الاسلامية
942 _2ddc
_cBK
999 _c140191
_d140191